01326nam a22001937a 450000500170000000800410001702000180005804000070007604100080008308200210009110000280011224500540014026000530019430000310024736500560027852007410033465000270107565000300110220260131094151.0220119b ||||| |||| 00| 0 eng d a9789389648911 cAL aeng 223a820.33bCHAO aIndira Chandrasekhar Ed aOut of Print Ten Yearsb: An Anthology of Stories aChennai:bWestland Publications Pvt. Ltd.,c2020 axvii,261 p.bPBc23x15 cm. 2Generala4529b389.22c₹d499.00e22%f22-12-2021 aOut of Print in print! A decade ago, in 2010, Indira Chandrasekhar set up Out of Print to address a need she felt as a writer: a focused platform for the short story; a space for robust editorial discussions as well as one that would serve as a platform for discoveries—of newer facets of the form itself and of new writing. This commemorative volume hopes to capture something of that adventure. It is, thus, not a ‘best of’ volume, but one that speaks to the spirit of the magazine: its diversity of literary voices, its openness to experimentation, its focus on Indian-language publishing and its stand against mediocrity. Most crucially, of course, this is an ode to the short-story form, its ‘art of brevity and honesty’. aIndian English Fiction aIndian English Literature